A Computer-Assisted Chromatography System /

Gespeichert in:
Bibliographische Detailangaben
1. Verfasser: Jinno, Kiyokatsu (Verfasst von)
Format: Buch
Sprache:Englisch
Veröffentlicht: Heidelberg : Dr. Alfred Hüthig Verlag, 1990
Schriftenreihe:Chromatographic Methods
Tags: Tag hinzufügen
Keine Tags, Fügen Sie das erste Tag hinzu!

MARC

LEADER 00000nam a22000003a 4500
001 stu22115
005 20150617225749.4
008 940121s1990----gw------------------eng-d
020 |a 3-7785-1497-0 
040 |a STU  |b slo 
041 0 |a eng 
044 |a gw 
080 |a 543.544 
100 1 |a Jinno, Kiyokatsu  |4 aut 
245 1 |a A Computer-Assisted Chromatography System /  |c [aut.]Jinno,Kiyokatsu 
260 |a Heidelberg :  |b Dr. Alfred Hüthig Verlag,  |c 1990 
300 |a 271 s :  |b Tab.,grafy,lit.,index 
830 0 |a Chromatographic Methods 
996 |b C92441  |c C*92441  |l CCII  |s P  |a 0  |w stu22115_0001